Catálogo
 En Linea

Misión dominicana envejece : (Registro nro. 48362)

Detalles MARC
000 -CABECERA
campo de control de longitud fija 01829nam a2200325 i 4500
003 - IDENTIFICADOR DEL NÚMERO DE CONTROL
campo de control DO-SdBNP
005 - FECHA Y HORA DE LA ÚLTIMA TRANSACCIÓN
campo de control 20230627144303.0
007 - CAMPO FIJO DE DESCRIPCIÓN FÍSICA--INFORMACIÓN GENERAL
campo de control de longitud fija ta
008 - DATOS DE LONGITUD FIJA--INFORMACIÓN GENERAL
campo de control de longitud fija 190424s2018 dr a 000 spa d
040 ## - FUENTE DE LA CATALOGACIÓN
Centro catalogador/agencia de origen DO-SdBNP
Lengua de catalogación spa
Centro/agencia transcriptor BNPHU
Normas de descripción rda
082 #4 - NÚMERO DE LA CLASIFICACIÓN DECIMAL DEWEY
Número de clasificación 305.26
Número de documento/Ítem M678d
Número de edición 22
245 00 - MENCIÓN DE TÍTULO
Título Misión dominicana envejece :
Resto del título retos, realidades y propuestas sobre la vejez y el envejecimiento en la República Dominicana /
Mención de responsabilidad, etc. investigación Carmen Elisa Florez Nieto ... [et al.]
264 ## - PRODUCCIÓN, PUBLICACIÓN, DISTRIBUCIÓN, FABRICACIÓN Y COPYRIGHT
Producción, publicación, distribución, fabricación y copyright Santo Domingo :
Nombre del de productor, editor, distribuidor, fabricante Fundación NTD,
Fecha de producción, publicación, distribución, fabricación o copyright 2018.
300 ## - DESCRIPCIÓN FÍSICA
Extensión 334 páginas :
Otras características físicas il., cuadros, grafs., tabls.,
Dimensiones 28 cm. +
Material acompañante/anejo Resumen
336 ## - TIPO DE CONTENIDO
Fuente rdacontent
Término de tipo de contenido texto
Código de tipo de contenido txt
337 ## - TIPO DE MEDIO
Fuente rdamedia
Nombre/término del tipo de medio sin mediación
Código del tipo de medio n
338 ## - TIPO DE SOPORTE
Fuente rdacarrier
Nombre/término del tipo de soporte volumen
Código del tipo de soporte nc
500 ## - NOTA GENERAL
Nota general Incluye referencias bibliográficas al final de los capítulos
504 ## - NOTA DE BIBLIOGRAFÍA, ETC.
Nota de bibliografía, etc. Bibliográfia : p. 334
505 ## - NOTA DE CONTENIDO CON FORMATO
Nota de contenido con formato Capítulo 1--
Título Situación demográfica en República Dominicana --
Información miscelánea Capítulo 2.
Título Retos del sistema de salud frente a la vejez y el envejecimiento. La situación en República Dominicana --
Información miscelánea Capítulo 3.
Título El cuidado y los cuidadores en República Dominicana --
Información miscelánea Capítulo 4.
Título Educación, empleo y situación económica de la personas mayores en República Dominicana--
Información miscelánea Capítulo 5.
Título Ahorro e inversión para la vejez --
Información miscelánea Capítulo 6.
Título Inmigración internacional y adulto mayor en República Dominicana.
590 ## - NOTA LOCAL (RLIN)
Nota local Inventariado, 2022/MFF
650 #4 - PUNTO DE ACCESO ADICIONAL DE MATERIA--TÉRMINO DE MATERIA
Término de materia o nombre geográfico como elemento de entrada Vejez
Subdivisión general Aspectos sociales
Subdivisión geográfica República Dominicana
9 (RLIN) 81739
650 #4 - PUNTO DE ACCESO ADICIONAL DE MATERIA--TÉRMINO DE MATERIA
Término de materia o nombre geográfico como elemento de entrada Vejez
Subdivisión general Aspectos económicas
Subdivisión geográfica República Dominicana
9 (RLIN) 81740
650 #4 - PUNTO DE ACCESO ADICIONAL DE MATERIA--TÉRMINO DE MATERIA
Término de materia o nombre geográfico como elemento de entrada Vejez
Subdivisión geográfica América Latina
9 (RLIN) 81741
650 #4 - PUNTO DE ACCESO ADICIONAL DE MATERIA--TÉRMINO DE MATERIA
Término de materia o nombre geográfico como elemento de entrada Asistencia a la vejez
Subdivisión geográfica República Dominicana
9 (RLIN) 81742
651 #4 - PUNTO DE ACCESO ADICIONAL DE MATERIA--NOMBRE GEOGRÁFICO
Nombre geográfico República Dominicana
Subdivisión general Población
9 (RLIN) 1423
700 1# - PUNTO DE ACCESO ADICIONAL--NOMBRE DE PERSONA
Nombre de persona Florez Nieto, Carmen Elisa
9 (RLIN) 81743
910 ## - DATOS DE OPCIÓN DEL USUARIO (OCLC)
Datos de opción del usuario Validado.Control de calidad MFF
942 ## - ELEMENTOS DE PUNTO DE ACCESO ADICIONAL (KOHA)
Fuente del sistema de clasificación o colocación Dewey Decimal Classification
Tipo de ítem Koha Libro
Existencias
Estado de retiro Estado de pérdida Fuente del sistema de clasificación o colocación Restricciones de uso No para préstamo Código de colección Localización permanente Ubicación/localización actual Ubicación en estantería Fecha de adquisición Fuente de adquisición Signatura topográfica completa Código de barras Fecha visto por última vez Precio válido a partir de Tipo de ítem Koha Nota pública Número de copia Total de préstamos
    Dewey Decimal Classification Excluido de préstamo   Patrimonio Dominicano Biblioteca Nacional Pedro Henríquez Ureña Biblioteca Nacional Pedro Henríquez Ureña Depósito 31.05.2022 Donación BNPHU PD 305.26 M678d 2022-2539 31.05.2022 31.05.2022 Libro Donado por Pedro José Ortega Espinal.    
    Dewey Decimal Classification Excluido de préstamo   Patrimonio Dominicano Biblioteca Nacional Pedro Henríquez Ureña Biblioteca Nacional Pedro Henríquez Ureña Depósito 20.10.2022 Donación BNPHU PD 305.26 M678d 2022-4437 20.10.2022 20.10.2022 Libro   e.2  
    Dewey Decimal Classification Préstamo en sala   Dominicana de Servicio Biblioteca Nacional Pedro Henríquez Ureña Biblioteca Nacional Pedro Henríquez Ureña Depósito 17.05.2023 Depósito Legal BNPHU DS 305.26 M678d 2023-1927 17.05.2023 17.05.2023 Libro   e.3, resumen  
    Dewey Decimal Classification Préstamo en sala   Dominicana de Servicio Biblioteca Nacional Pedro Henríquez Ureña Biblioteca Nacional Pedro Henríquez Ureña Depósito 09.12.2019 Donado por Intec BNPHU DS 305.26 M678d 2025-5083 11.06.2025 11.06.2025 Libro Resumen de 31 páginas e. 4, resumen  

Con tecnología Koha